| 000 | 00688nam a22001337a 4500 | ||
|---|---|---|---|
| 999 |
_c527254 _d527254 |
||
| 008 | 240819b ||||| |||| 00| 0 eng d | ||
| 100 |
_aDevadevan, Manu V. _947062 |
||
| 245 | _aR. Champakalakshmi (1932-2024) | ||
| 260 | _aSocial Scientist | ||
| 300 | _a52(3-4), Mar-Apr, 2024: p.105-112 | ||
| 520 | _aOn 2 February 2024, a Tamil-speaking IT professional based in the United States, who produced and edited Wikipedia pages in his free time, called me over phone. He had read the obituary I had written in the wire for historian Radh Champakalakshmi, who died on the night of 28 January, a few months before taming 92. – Reproduced | ||
| 773 | _aSocial Scientist | ||
| 942 | _cAR | ||